The climate diet (Record no. 4858)

MARC details
000 -CABECERA
campo de control de longitud fija 02723nam a2200325 i 4500
001 - NÚMERO DE CONTROL
campo de control a33527173
003 - IDENTIFICADOR DEL NÚMERO DE CONTROL
campo de control SIRSI
005 - FECHA Y HORA DE LA ÚLTIMA TRANSACCIÓN
campo de control 20250923114359.0
008 - DATOS DE LONGITUD FIJA--INFORMACIÓN GENERAL
campo de control de longitud fija 200820t20212021nyua e b 000 0 eng
010 ## - NÚMERO DE CONTROL DE LA BIBLIOTECA DEL CONGRESO
Número de control de LC 2020037520
020 ## - NÚMERO INTERNACIONAL ESTÁNDAR DEL LIBRO
Número Internacional Estándar del Libro 9780593296769
Información calificativa (trade paperback)
035 ## - NÚMERO DE CONTROL DEL SISTEMA
Número de control de sistema (OCoLC)1187222934
Número de control cancelado/no válido (OCoLC)1244546498
040 ## - FUENTE DE LA CATALOGACIÓN
Centro catalogador/agencia de origen DLC
Lengua de catalogación eng
Normas de descripción rda
Centro/agencia transcriptor DLC
Centro/agencia modificador OCLCO
-- OCLCF
-- TOH
-- JAS
-- OTP
-- IUK
-- JTB
-- IJ5
-- UAP
-- OCLCO
-- IMT
-- BKL
-- YDX
-- EAU
-- OCL
-- OCLCO
-- UtOrBLW
041 ## - CÓDIGO DE LENGUA
Código de lengua del texto/banda sonora o título independiente eng
042 ## - CÓDIGO DE AUTENTICACIÓN
Código de autenticación pcc
050 00 - SIGNATURA TOPOGRÁFICA DE LA BIBLIOTECA DEL CONGRESO
Número de clasificación TX357
Número de documento/Ítem .G74 2021
100 ## - ENTRADA PRINCIPAL--NOMBRE DE PERSONA
Nombre de persona Greenberg, Paul
Fechas asociadas al nombre 1967-
Término indicativo de función/relación author
9 (RLIN) 25755
245 14 - MENCIÓN DE TÍTULO
Título The climate diet
Resto del título : 50 simple ways to trim your carbon footprint
Mención de responsabilidad, etc. / Paul Greenberg.
260 ## - PUBLICACIÓN, DISTRIBUCIÓN, ETC.
Lugar de publicación, distribución, etc. New York, NY :
Nombre del editor, distribuidor, etc. Penguin Books,
Fecha de publicación, distribución, etc. 2021.
300 ## - DESCRIPCIÓN FÍSICA
Extensión xviii, 156 pages :
Otras características físicas illustrations, tables, charts (black and white) ;
Dimensiones 18 cm.
504 ## - NOTA DE BIBLIOGRAFÍA, ETC.
Nota de bibliografía, etc. Includes bibliographical references (pages 137-156).
505 0# - NOTA DE CONTENIDO CON FORMATO
Nota de contenido con formato Introduction: Nothing or something? — Eating and drinking — Making families — Staying home — Leaving home — Saving and spending — Fighting and winning.
520 ## - SUMARIO, ETC.
Sumario, etc. A celebrated writer on food and sustainability offers fifty straightforward, impactful rules for climate-friendly living "Some strong and rational suggestions for reducing your personal impact here--and when you're eating smart, you'll have the energy to do the movement building we need to change systems too! This book integrates the individual and the societal in a powerful way."--Bill McKibben We all understand just how dire the circumstances facing our planet are and that we all need to do our part to stem the tide of climate change. When we look in the mirror, we can admit that we desperately need to go on a climate diet. But the task of cutting down our carbon emissions feels overwhelming and the discipline required hard to summon. With The Climate Diet, award-winning food and environmental writer Paul Greenberg offers us the practical, accessible guide we all need. It contains fifty achievable steps we can take to live our daily lives in a way that's friendlier to the planet--from what we eat, how we live at home, how we travel, and how we lobby businesses and elected officials to do the right thing. Chock-full of simple yet revelatory guidance, The Climate Diet empowers us to cast aside feelings of helplessness and start making positive changes for the good of our planet.
650 #0 - PUNTO DE ACCESO ADICIONAL DE MATERIA--TÉRMINO DE MATERIA
Término de materia o nombre geográfico como elemento de entrada Sustainable living
Número de control del registro de autoridad o número normalizado http://id.loc.gov/authorities/subjects/sh2007000494
9 (RLIN) 10807
650 #0 - PUNTO DE ACCESO ADICIONAL DE MATERIA--TÉRMINO DE MATERIA
Término de materia o nombre geográfico como elemento de entrada Carbon dioxide mitigation
Subdivisión de forma Popular works
9 (RLIN) 25221
650 #0 - PUNTO DE ACCESO ADICIONAL DE MATERIA--TÉRMINO DE MATERIA
Término de materia o nombre geográfico como elemento de entrada Food industry and trade
Subdivisión general Environmental aspects
9 (RLIN) 25953
650 #0 - PUNTO DE ACCESO ADICIONAL DE MATERIA--TÉRMINO DE MATERIA
Término de materia o nombre geográfico como elemento de entrada Environmental protection
9 (RLIN) 12975
655 #0 - TÉRMINO DE INDIZACIÓN--GÉNERO/FORMA
Datos o término principal de género/forma Self-help publications
9 (RLIN) 23836
942 ## - ELEMENTOS DE ENTRADA AGREGADA (KOHA)
Fuente del sistema de clasificación o colocación Clasificación de Library of Congress
Holdings
Estado de retiro Estado de pérdida Fuente del sistema de clasificación o colocación Estado dañado No para préstamo Biblioteca de origen Biblioteca actual Fecha de adquisición Total de préstamos Signatura topográfica completa Código de barras Fecha visto por última vez Fecha del último préstamo Número de copia Precio válido a partir de Tipo de ítem Koha
    Clasificación de Library of Congress     TBS Barcelona TBS Barcelona 25/08/2025 1 TX357 GRE B07595 20/01/2026 12/11/2025 1 25/08/2025 Book

Powered by Koha